Datum a čas kvízu
25.5
Celkem bodů
Celkový počet nahraných bodů na tomto kvízu bez doplňovacích otázek.
6.
Pořadí na kvízu
Konečné umístění týmu na tomto kvízu.
Zaznamenané odpovědi
| # | Otázka | Odpověď | Body | Výsledky |
|---|---|---|---|---|
| 1. | Zdravotní pojišťovny zveřejnil... | 1 | ||
| 2. | Do prodejny mobilů přišla žena... | 0 | ||
| 3. | Jak se nazývá snímek, který zí... | 1 | ||
| 4. | Na letošním ženevském autosalo... | 1 | ||
| 5. | Oscara získal minulý týden i j... | 1 | ||
| 6. | V tomto tématu si posvítíme na... | 0.5 | ||
| 7. | Které jsou nejrozšířenější jaz... | 0.5 | ||
| 8. | Největší jezera na světě co do... | 0 | ||
| 9. | Státy USA s největší rozlohou:... | 0.5 | ||
| 10. | Státy Evropské unie podle rozl... | 0 |